Statistics for NBA 75 Members who played for the Celtics

Click here to take the quiz!

General Stats

  • This quiz has been taken 111 times
    (88 since last reset)
  • The average score is 12 of 20

Answer Stats

Player% Correct
Bill Russell
97%
Larry Bird
97%
Paul Pierce
87%
John Havlicek
84%
Kevin Garnett
84%
Kevin McHale
84%
Bob Cousy
81%
Robert Parish
79%
Ray Allen
75%
Sam Jones
69%
Shaquille O'Neal
63%
Dave Cowens
57%
Bill Sharman
51%
Bill Walton
45%
Nate Archibald
37%
Gary Payton
32%
Bob McAdoo
29%
Dominique Wilkins
25%
Pete Maravich
24%
Dave Bing
19%

Score Distribution

Percentile by Number Answered

Percent of People with Each Score

Your Score History

You have not taken this quiz since the last reset